<?xml version="1.0" encoding="UTF-8"?>
<marc:record xmlns:marc="http://www.loc.gov/MARC21/slim">
   <marc:leader>00000nam a2200000 a 4500</marc:leader>
   <marc:datafield ind1="1" ind2=" " tag="100">
      <marc:subfield code="a">Wiegand, Helmut</marc:subfield>
      <marc:subfield code="4">edt</marc:subfield>
      <marc:subfield code="e">Bearbeiter/-in</marc:subfield>
   </marc:datafield>
   <marc:datafield ind1="1" ind2=" " tag="100">
      <marc:subfield code="a">Boal, Augusto</marc:subfield>
      <marc:subfield code="4">ctb</marc:subfield>
      <marc:subfield code="e">Mitwirkende/-r</marc:subfield>
   </marc:datafield>
   <marc:datafield ind1=" " ind2=" " tag="653">
      <marc:subfield code="a">Theater der Unterdrückten</marc:subfield>
   </marc:datafield>
   <marc:datafield ind1=" " ind2=" " tag="653">
      <marc:subfield code="a">Ballett</marc:subfield>
   </marc:datafield>
   <marc:datafield ind1=" " ind2=" " tag="653">
      <marc:subfield code="a">Film</marc:subfield>
   </marc:datafield>
   <marc:datafield ind1=" " ind2=" " tag="653">
      <marc:subfield code="a">Theater</marc:subfield>
   </marc:datafield>
   <marc:datafield ind1=" " ind2=" " tag="653">
      <marc:subfield code="a">Forumtheater</marc:subfield>
   </marc:datafield>
   <marc:datafield ind1=" " ind2=" " tag="653">
      <marc:subfield code="a">Aufsatzsammlung</marc:subfield>
   </marc:datafield>
   <marc:datafield ind1="0" ind2="0" tag="245">
      <marc:subfield code="a">Theater im Dialog: heiter, aufmüpfig und demokratisch</marc:subfield>
   </marc:datafield>
   <marc:datafield ind1="0" ind2="0" tag="245">
      <marc:subfield code="b">deutsche und europäische Anwendungen des Theaters der Unterdrückten</marc:subfield>
   </marc:datafield>
   <marc:datafield ind1="0" ind2="0" tag="245">
      <marc:subfield code="c">Helmut Wiegand (Hrsg.). Mit einem Beitr. von Augusto Boal</marc:subfield>
   </marc:datafield>
   <marc:datafield ind1=" " ind2="1" tag="264">
      <marc:subfield code="a">Stuttgart</marc:subfield>
      <marc:subfield code="b">Ibidem-Verl.</marc:subfield>
      <marc:subfield code="c">2004</marc:subfield>
   </marc:datafield>
   <marc:datafield ind1="1" ind2=" " tag="520">
      <marc:subfield code="a">Das Theater der Unterdrückten erlebt in Deutschland eine Renaissance, nachdem es jahrelang in sozialpädagogischen Nischen verschwand. Das emanzipatorische Theater der Unterdrückten, das in sich Kunst, Selbsterfahrung und politisches soziales Probehandeln vereinigt, will Menschen durch die Übereignung theatraler Mittel zu Hauptdarstellern ihres eigenen Lebens machen. Der Sammelband bietet den Leser/innen Beispiele der Umsetzung dieser ursprünglich lateinamerikanischen Theatermethode im deutschen und europäischen Kontext. Es zeigt die Vielfalt der Methode und ihre vielseitige Einsetzbarkeit in unterschiedlichen Zielgruppen. Mehrere Beiträge aus anderen europäischen Ländern zeigen, wie verbreitet die Methode ist und wie gut vernetzt Praktiker/innen in einigen anderen europäischen Ländern derzeit mit ihr arbeiten.</marc:subfield>
   </marc:datafield>
   <marc:datafield ind1=" " ind2=" " tag="020">
      <marc:subfield code="a">9783898213332</marc:subfield>
      <marc:subfield code="9">9783898213332</marc:subfield>
   </marc:datafield>
   <marc:datafield ind1=" " ind2=" " tag="020">
      <marc:subfield code="a">3898213331</marc:subfield>
      <marc:subfield code="9">3898213331</marc:subfield>
   </marc:datafield>
   <marc:datafield ind1=" " ind2=" " tag="041">
      <marc:subfield code="a">ger</marc:subfield>
   </marc:datafield>
   <marc:datafield ind1=" " ind2=" " tag="300">
      <marc:subfield code="a">322 S.</marc:subfield>
   </marc:datafield>
</marc:record>
